000 00909nam a22002897a 4500
001 4484
003 FISKH
005 20240912085235.0
008 240912b cb ||||| |||| 00| 0 eng d
020 _a9780545478144
040 _aFISKH
_beng
_cFISKH
_dFISKH
050 _aPZ7.V2744
082 _2415
100 _aEekhout, Greg van
_d1967-
245 _aThe boy at the end of the world /
_cGreg van Eekhout
250 _aFirst printing in 2012
260 _aNew York :
_bScholastic,
_c2012.
300 _a213 pages :
_c20 cm
505 _aR
520 _aBorn half-grown in a world that is being destroyed, Fisher has instinctive knowledge of many things, including that he must avoid the robot that knows his name.
521 8 _a730L
_bLexile
521 8 _aR
_bRaz-Plus
650 _2Science fiction
_aSurvival
_vRobots
650 _2Animals
_aTween
942 _2ddc
_cBK
_n0
999 _c4484
_d4484